African or Latin American Countries by Population - Statistics

General Stats
  • This quiz has been taken 82 times
  • The average score is 25 of 30
Answer Stats
Pop. Country % Correct
50.8 mil Colombia
98%
24.2 mil Niger
98%
206.3 mil Nigeria
98%
212.2 mil Brazil
97%
102.5 mil Egypt
97%
59.4 mil South Africa
97%
44.9 mil Argentina
95%
53.7 mil Kenya
95%
19.1 mil Chile
94%
89.9 mil DR Congo
94%
32.9 mil Peru
92%
43.8 mil Algeria
90%
114.9 mil Ethiopia
90%
129.0 mil Mexico
90%
36.9 mil Morocco
90%
43.8 mil Sudan
90%
59.7 mil Tanzania
89%
28.4 mil Venezuela
89%
32.6 mil Angola
84%
45.7 mil Uganda
83%
31.0 mil Ghana
81%
20.2 mil Mali
81%
17.6 mil Ecuador
79%
31.2 mil Mozambique
79%
26.5 mil Cameroon
76%
26.3 mil Ivory Coast
71%
27.6 mil Madagascar
67%
17.9 mil Guatemala
57%
19.3 mil Malawi
52%
20.9 mil Burkina Faso
49%
No matching quizzes found
Score Distribution
Percent of People with Each Score
Percentile by Number Answered
Your Score History
You have not taken this quiz